000 01798nam a2200253 4500
003 vecauma
005 20260410203040.0
007 ta
008 260410b ve ||||| |||| 00| 0 spa d
020 _a8480881380
040 _avecauma
_bspa
_cvecauma
_dvecauma
_erda
041 _aspa
100 1 _eautor
245 1 _aManual del consultor de Marketing
_c/ Lorenzo Iniesta
264 _aEspaña:
_bEdiciones gestió 2000, S.A,;
_c1997.
300 _a162 páginas.
336 _atexto
_btxt
_2rdacontenido
337 _ano mediado
_bn
_2rdamedio
338 _avolumen
_bnc
_2rdasoporte
505 0 _aPerfil y papel del consultor de marketing / Diagnóstico de los problemas del empresario-cliente / Los instrumentos del consultor de marketing / Las entrevistas y el acuerdo final con el cliente / La enseñanza del marketing: una atractiva opción del consultor / Esquema básico para proyectos de negocio. Área de marketing / Modelaje /
520 3 _aEl marketing es una de las claves del éxito de cualquier empresa, por lo que requiere la máxima dedicación y la intervención de verdaderos expertos. Este libro propone conceptos, planteamientos y herramientas que pueden ser de gran ayuda, tanto para directivos de marketing como consultores de esta especialidad. En el Manual del Consultor de Marketing el autor, verdadero experto en la materia, expone e integra toda su experiencia en el área de marketing. Lorenzo Iniesta es Licenciado en Derecho y Master en marketing y Dirección Comercial. Es consultor y profesor de marketing de varias universidades y escuelas de negocios españolas e internacionales. Ha desempeñado puestos de dirección general y dirección de marketing en varias empresas.
942 1 _2lcc
_n0
_cBK
999 _c13354
_d13354